Xarxa de Parcs Naturals
Publicado:
Barcelona :
Diputació de Barcelona. Àrea d'Espais Naturals. Xarxa de Parcs Naturals ,
2009
Descripción Física:
1 f. plegat en 4 parts : mapa ; 24 cm pleg., 38 x 46 cm despleg.
MARC
| LEADER | 00000nam a2200000Ia 4500 | ||
|---|---|---|---|
| 001 | 21723 | ||
| 008 | 160829s2009 xx 000 0 cat d | ||
| 080 | |a FU-43-57 | ||
| 245 | |a Xarxa de Parcs Naturals | ||
| 250 | |a Ed. en català | ||
| 260 | |a Barcelona : |b Diputació de Barcelona. Àrea d'Espais Naturals. Xarxa de Parcs Naturals, |c 2009 | ||
| 300 | |a 1 f. plegat en 4 parts : |b mapa ; |c 24 cm pleg., 38 x 46 cm despleg. | ||
| 590 | |a Conté un mapa de la província de Barcelona amb la ubicació i informació general de cada parc. | ||
| 590 | |a Hi ha un exemplar en castellà amb R. 21736, en anglès amb R. 23204 i en francès amb R. 23205 | ||
| 610 | 1 | 0 | |a Barcelona (Catalunya : Província). |b Xarxa de Parcs Naturals |v Guies |9 52737 |
| 710 | 1 | |a Barcelona (Catalunya : Província). |b Xarxa de Parcs Naturals |9 7250 | |
| 710 | |a Barcelona (Catalunya : Província). |b Àrea d'Espais Naturals |9 9050 | ||
| 901 | |a Arxiu | ||
| 942 | |n 1 | ||
| 952 | |0 0 |1 0 |4 0 |6 FU4357 |7 1 |9 53235 |a Arxiu |b Arxiu |d 2016-12-01 |l 0 |o FU-43-57 |p 21723 |r 2016-12-01 00:00:00 |w 2016-12-01 |y ARXIU | ||
| 999 | |c 57084 |d 57084 | ||